Results and trends in theoretical computer science : colloquium in honor of Arto Salomaa, Graz, Austria, June 10-11, 1994 : proceedings /

Guardado en:
Otros Autores: Salomaa, Arto., Karhumäki, J., Maurer, Hermann A., 1941-, Rozenberg, Grzegorz.
Formato: Libro
Idioma:English
Publicado: Berlin ; New York : Springer-Verlag, c1994.
Series:Lecture notes in computer science ; 812
Materias:
Etiquetas: Agregar Etiqueta
Sin Etiquetas, Sea el primero en etiquetar este registro!
LEADER 01047pam a2200265 a 4500
001 DCC.dcic000342
008 940505s1994####gw#a#####b####101#0#eng##
005 20060627095140.0
245 0 0 |a Results and trends in theoretical computer science :  |b colloquium in honor of Arto Salomaa, Graz, Austria, June 10-11, 1994 : proceedings /  |c J. Karhumäki, H. Maurer, G. Rozenberg (eds.). 
260 |a Berlin ;  |a New York :  |b Springer-Verlag,  |c c1994. 
300 |a x, 443 p. :  |b il. ;  |c 24 cm. 
440 0 |a Lecture notes in computer science ;  |v 812 
504 |a Incluye referencias bibliográficas e índice. 
020 |a 3540581316 (Berlin : acid-free paper):  |c DM86.00 
020 |a 0387581316 (New York : acid-free paper) 
700 1 |a Salomaa, Arto. 
700 1 |a Karhumäki, J.  |q (Juliani) 
700 1 |a Maurer, Hermann A.,  |d 1941- 
700 1 |a Rozenberg, Grzegorz. 
082 0 0 |a 511.3  |2 20 
650 0 |a Computer science  |x Congresses. 
010 |a  94020330  
040 |a DLC  |c DLC  |d DLC 
050 0 0 |a QA75.5  |b .R46 1994 
859 |a DCIC  |b BIB. COMPUTACION  |p 1316